00985cam a2200277 a 4500001001000000003000900010005001700019007000300036008004100039040002500080082002100105100004400126245006400170260003600234300002100270500008500291590002700376650003100403650003500434650003100469700004100500910001100541942001400552952012600566999001500692000003658DO-SdBNP20220720103143.0ta750630s1960 xu er 000 d eng  aDO-SdBNPbspacBNPHU 4a813.54bE14h2221 aEaton, Evelyn Sybil Mary,d1902-91121610aHeart in pilgrimage /cEvelyn Eaton y Edward Roberts Moore. aNew York :bImage Books,c1960. a238 p. ;c20 cm. aA dramatic novel of the life of mother Seton, foundres of the Sister of Charity. aInventariado 2022 / MF 4aNovela estadounidense9262 4aLiteratura estadounidense9263 4aDrama estadounidense975671 aMoore, Edward Roberts,d1894-911217 aMFeliz 2ddccLBS1 00102ddc51708GR-RaBNPHUbBNPHUcHDd1976-07-29eDonaciónoBNPHU 813.54 E14hp3658-10r2020-06-25w2020-06-25yLBS1 c3481d3481